Insects by Picture - Statistics

General Stats
  • This quiz has been taken 320 times
    286 since last reset
  • The average score is 13 of 18
Answer Stats
Picture Answer % Correct
Ladybug
100%
Honey Bee
99%
Monarch Butterfly
98%
Asian Paper Wasp
94%
Southern Ant
91%
Dragonfly
90%
Grasshopper
87%
Mosquito
80%
Cricket
77%
Tiger Beetle
76%
Hornet
72%
Cockroach
66%
Cicada
64%
Earwig
63%
Stinkbug
53%
Locust
52%
Firefly
37%
Black Soldier Fly
9%
No matching quizzes found
Score Distribution
Percent of People with Each Score
Percentile by Number Answered
Your Score History
You have not taken this quiz since the last reset